[Event "ICS rated blitz match"]
[Site "204.178.125.65"]
[Date "2001.01.10"]
[Round "?"]
[White "FlordePato"]
[Black "Hossa"]
[Result "0-1"]
[WhiteElo "2147"]
[BlackElo "2538"]
[PlyCount "75"]
[EventDate "2001.??.??"]

1. d4 Nf6 2. c4 e6 3. Nf3 Bb4+ 4. Bd2 Qe7 5. e3 O-O 6. Be2 Bxd2+ 7. Nbxd2 d6 8.
O-O e5 9. dxe5 dxe5 10. Qc2 Na6 11. a3 Rd8 12. Rad1 Bg4 13. h3 Bxf3 14. Bxf3
Nc5 15. b4 e4 16. Be2 Ncd7 17. Rfe1 c5 18. b5 Nf8 19. Bf1 Rd6 20. Nb3 Rad8 21.
Rxd6 Qxd6 22. a4 Ng6 23. Nd2 Qxd2 24. Qb1 Rd6 25. a5 Qxa5 26. Rd1 Rxd1 27. Qxd1
Qb6 28. Qa1 a5 29. bxa6 bxa6 30. Be2 a5 31. g3 Nd7 32. Qa4 Nge5 33. Kg2 g5 34.
Bg4 Nf6 35. Bf5 Kg7 36. Qa1 Nxc4 37. Bxe4 Qb2 38. Qf1 {FlordePato resigns} 0-1

[Event "ICS rated blitz match"]
[Site "204.178.125.65"]
[Date "2001.01.10"]
[Round "?"]
[White "brondel"]
[Black "Hossa"]
[Result "0-1"]
[WhiteElo "2189"]
[BlackElo "2541"]
[PlyCount "60"]
[EventDate "2001.??.??"]

1. e4 e5 2. Nf3 Nc6 3. Bb5 a6 4. Ba4 Nf6 5. d3 b5 6. Bb3 Be7 7. O-O d5 8. exd5
Nxd5 9. Re1 Bf6 10. d4 Nde7 11. d5 Na5 12. Nc3 Nxb3 13. axb3 b4 14. Na4 Bg4 15.
c4 bxc3 16. Nxc3 c6 17. d6 Bxf3 18. Qxf3 Qxd6 19. Ne4 Qe6 20. Bg5 Bxg5 21. Nxg5
Qd5 22. Ne4 f5 23. Ng5 Qxf3 24. Nxf3 e4 25. Nd4 Kf7 26. Rac1 Rac8 27. Rc5 g6
28. Rb1 Rhd8 29. Ne2 Rb8 30. Rc3 Rd2 {brondel resigns} 0-1

[Event "ICS rated blitz match"]
[Site "204.178.125.65"]
[Date "2001.01.10"]
[Round "?"]
[White "Hossa"]
[Black "QueenMaxima"]
[Result "1-0"]
[WhiteElo "2545"]
[BlackElo "2621"]
[PlyCount "139"]
[EventDate "2001.??.??"]

1. e4 e5 2. Nf3 Nc6 3. Bb5 a6 4. Ba4 Nf6 5. O-O Bc5 6. c3 b5 7. Bc2 Bb7 8. d4
exd4 9. cxd4 Be7 10. e5 Nd5 11. Be4 Na5 12. Kh1 O-O 13. a3 f5 14. Bd3 Qe8 15.
b4 Nc6 16. Bd2 Qf7 17. Nc3 Nxc3 18. Bxc3 Kh8 19. Be2 Qd5 20. Qd2 Rae8 21. Bd3
Qb3 22. Bb1 Nd8 23. Ba2 Qxa3 24. Rfb1 Bxf3 25. gxf3 a5 26. Bd5 axb4 27. Rxa3
bxa3 28. Ba2 c6 29. Bb4 Ne6 30. Bxe6 dxe6 31. Bxe7 Rxe7 32. Qb4 Ref7 33. Qxa3
Rd8 34. Qc3 Rc7 35. Rxb5 Kg8 36. Rb6 Rdc8 37. Qb4 Rd7 38. Rb7 Rcd8 39. Qb6 Kf7
40. Qxc6 Rxb7 41. Qxb7+ Kf8 42. Qc6 Ke7 43. Qc5+ Ke8 44. Qc7 g5 45. Qxh7 Rxd4
46. Qg6+ Kd8 47. Qxe6 Rd1+ 48. Kg2 g4 49. fxg4 fxg4 50. Qxg4 Rd7 51. Qxd7+ Kxd7
52. e6+ Kxe6 53. h4 Kf5 54. Kg3 Ke6 55. f4 Kf5 56. h5 Kf6 57. Kg4 Kg7 58. Kg5
Kf7 59. h6 Kg8 60. f5 Kf7 61. f6 Kg8 62. Kf5 Kf8 63. h7 Ke8 64. f7+ Ke7 65. Ke5
Kd7 66. f8=R Kc6 67. Rb8 Kc5 68. h8=Q Kc4 69. Qh3 Kc5 70. Qc3# {
QueenMaxima checkmated} 1-0

[Event "ICS rated blitz match"]
[Site "204.178.125.65"]
[Date "2001.01.10"]
[Round "?"]
[White "pob"]
[Black "Hossa"]
[Result "0-1"]
[WhiteElo "2155"]
[BlackElo "2564"]
[PlyCount "59"]
[EventDate "2001.??.??"]

1. e4 e5 2. Nf3 Nc6 3. Bb5 a6 4. Ba4 Nf6 5. O-O Be7 6. Re1 b5 7. Bb3 O-O 8. c3
d6 9. h3 Bb7 10. d4 Re8 11. Nbd2 exd4 12. cxd4 Nb4 13. Ng5 d5 14. e5 Nd3 15.
exf6 Nxe1 16. fxe7 Qxe7 17. Qh5 h6 18. Ngf3 Qe2 19. Nf1 Nxf3+ 20. Qxf3 Qxf3 21.
gxf3 Re1 22. Bc2 Bc8 23. f4 Bxh3 24. Bd3 Rae8 25. Rb1 Bxf1 26. Bxf1 Rd1 27. Kg2
Ree1 28. Be3 Rxb1 29. Bd3 Rxb2 30. a4 {pob resigns} 0-1

[Event "ICS rated standard match"]
[Site "204.178.125.65"]
[Date "2001.01.10"]
[Round "?"]
[White "Bigaby"]
[Black "Hossa"]
[Result "0-1"]
[WhiteElo "2207"]
[BlackElo "2334"]
[PlyCount "96"]
[EventDate "2001.??.??"]

1. e4 e5 2. Nf3 Nc6 3. Nc3 Nf6 4. Bb5 Bb4 5. O-O O-O 6. d3 d6 7. Bg5 Bxc3 8.
bxc3 Qe7 9. Bxc6 bxc6 10. Re1 Rb8 11. Rb1 Be6 12. a4 h6 13. Bd2 c5 14. h3 Qd7
15. Ra1 Rb7 16. Qe2 Re8 17. Nh2 Reb8 18. f4 exf4 19. Bxf4 Rb2 20. c4 Nh7 21. e5
Nf8 22. exd6 cxd6 23. Nf1 Ng6 24. Bc1 Rb1 25. Bd2 Rxe1 26. Qxe1 Re8 27. Qf2 a6
28. Ne3 Rb8 29. Bc3 Rb7 30. Nd5 Qe8 31. Qe3 Qb8 32. Nf4 Rb1+ 33. Kh2 Rxa1 34.
Bxa1 Nxf4 35. Qxf4 Qb1 36. Bxg7 Kxg7 37. Qxd6 Qxc2 38. Qxc5 Qxd3 39. Qe5+ Kh7
40. c5 Bd5 41. g4 Qc2+ 42. Kg3 Qxc5 43. Qf4 Kg6 44. Qd2 Qa3+ 45. Kh4 Qe7+ 46.
Kg3 Qe5+ 47. Kh4 Qg5+ 48. Kg3 Qxd2 {Bigaby resigns} 0-1

[Event "ICS rated standard match"]
[Site "204.178.125.65"]
[Date "2001.01.10"]
[Round "?"]
[White "BrazilianMaster"]
[Black "Hossa"]
[Result "1/2-1/2"]
[WhiteElo "2620"]
[BlackElo "2344"]
[PlyCount "158"]
[EventDate "2001.??.??"]

1. e4 c5 2. c3 d5 3. exd5 Qxd5 4. d4 e6 5. Nf3 Nf6 6. Bd3 Be7 7. O-O O-O 8. c4
Qd7 9. dxc5 Rd8 10. Bc2 Bxc5 11. Nc3 Nc6 12. Bg5 Nb4 13. Be4 Be7 14. Qxd7 Rxd7
15. Ne5 Rc7 16. a3 Nxe4 17. Nxe4 f6 18. axb4 fxg5 19. b5 b6 20. Nc6 Bf6 21.
Rfd1 Bd7 22. Rd6 Bxb2 23. Rad1 Bxc6 24. Rxc6 Rxc6 25. bxc6 Rc8 26. Rd6 Kf7 27.
Nxg5+ Kf6 28. f4 h6 29. Ne4+ Kf5 30. Nf2 Bf6 31. Nd3 g5 32. g4+ Kxg4 33. Rxe6
Kf5 34. Rd6 gxf4 35. Kf2 Be7 36. Rxh6 Ke4 37. Ne1 Kd4 38. Rh7 Rc7 39. h4 Kxc4
40. Ke2 Kb5 41. h5 Kxc6 42. h6 Bf6 43. Rxc7+ Kxc7 44. Nd3 Kd6 45. h7 a5 46. Kf3
a4 47. Kxf4 Ke7 48. Nb4 Kf7 49. Ke3 Kg7 50. Kd2 Kxh7 51. Kc1 b5 52. Kb1 Be5 53.
Nd3 Bd6 54. Nb2 a3 55. Nd3 b4 56. Nc1 Kg6 57. Nb3 Kf5 58. Ka2 Ke4 59. Na5 Bc5
60. Kb3 Kd5 61. Ka2 Bb6 62. Nb3 Kc4 63. Nc1 Be3 64. Nb3 Kc3 65. Na5 Bf4 66. Nb3
Bc7 67. Nc5 Bd6 68. Nb3 Kd3 69. Kb1 Be5 70. Ka2 Kc3 71. Nc5 Kc2 72. Nb3 Bd6 73.
Na1+ Kd2 74. Nb3+ Kc3 75. Nc1 Kc2 76. Nb3 Bf8 77. Na5 Bd6 78. Nb3 Bf8 79. Na5
Bd6 {Game drawn by mutual agreement} 1/2-1/2

[Event "ICS rated standard match"]
[Site "204.178.125.65"]
[Date "2001.01.10"]
[Round "?"]
[White "Hossa"]
[Black "BrazilianMaster"]
[Result "0-1"]
[WhiteElo "2355"]
[BlackElo "2609"]
[PlyCount "168"]
[EventDate "2001.??.??"]

1. d4 Nf6 2. c4 g6 3. Nf3 Bg7 4. g3 O-O 5. Bg2 d6 6. Nc3 Nc6 7. d5 Na5 8. Nd2
c5 9. O-O e5 10. a3 b6 11. b4 Nb7 12. Re1 Re8 13. Bb2 Bd7 14. Qb3 Qc8 15. Nce4
Nxe4 16. Nxe4 f5 17. Nd2 Rf8 18. f4 a5 19. fxe5 dxe5 20. Rf1 Qd8 21. d6 e4 22.
Bxg7 Kxg7 23. Qc3+ Kh6 24. Nxe4 fxe4 25. Bxe4 Ra7 26. Qd2+ Kg7 27. Qb2+ Rf6 28.
Bxb7 Rxb7 29. bxc5 Bc6 30. Qe5 bxc5 31. Rad1 Rbf7 32. Rxf6 Rxf6 33. g4 Ba4 34.
Rd5 Kf7 35. Rd2 Bd7 36. h3 Re6 37. Qxc5 Qb8 38. Kh2 Qe8 39. Qf2+ Kg8 40. c5 Re3
41. Rb2 Qe5+ 42. Kg2 Qe4+ 43. Kg1 Rxh3 44. Rb8+ Be8 45. Qg2 Qe3+ 46. Kf1 Qc1+
47. Kf2 Qxc5+ 48. Kf1 Qc1+ 49. Kf2 Qe3+ 50. Kf1 Qf4+ 51. Ke1 Rh1+ 52. Qxh1 Qc1+
53. Kf2 Qxh1 54. Rxe8+ Kg7 55. Re7+ Kf8 56. e3 Qh4+ 57. Kf3 Qf6+ 58. Ke2 Qxd6
59. Rxh7 Qxa3 60. Kf3 a4 61. Ra7 Qb3 62. Ke2 Qb6 63. Ra8+ Ke7 64. Kf2 Qb2+ 65.
Kg1 a3 66. Kf1 a2 67. Ra5 a1=Q+ 68. Rxa1 Qxa1+ 69. Kf2 Ke6 70. Ke2 Ke5 71. Kd3
Qd1+ 72. Kc3 Ke4 73. g5 Kxe3 74. Kc4 Kf4 75. Kc5 Kxg5 76. Kc6 Kf4 77. Kc7 g5
78. Kc8 g4 79. Kb7 g3 80. Kc7 g2 81. Kb6 g1=Q+ 82. Kb5 Qd5+ 83. Ka6 Qb3 84. Ka5
Qgb6# {Hossa checkmated} 0-1

[Event "ICS rated standard match"]
[Site "204.178.125.65"]
[Date "2001.01.10"]
[Round "?"]
[White "BrazilianMaster"]
[Black "Hossa"]
[Result "1-0"]
[WhiteElo "2615"]
[BlackElo "2349"]
[PlyCount "121"]
[EventDate "2001.??.??"]

1. d4 Nf6 2. c4 g6 3. Nc3 Bg7 4. e4 d6 5. f4 O-O 6. Nf3 c5 7. Be2 cxd4 8. Nxd4
Na6 9. Be3 Nc5 10. Bf3 h5 11. Nb3 Nxb3 12. axb3 Ng4 13. Bg1 a6 14. h3 Nf6 15.
Be3 Rb8 16. O-O Bh6 17. Qe2 Nd7 18. Rfd1 Bg7 19. Ba7 Ra8 20. Bf2 Re8 21. Qd2
Rb8 22. Ba7 Ra8 23. Be3 Rb8 24. b4 Nb6 25. Be2 Be6 26. b3 Qc7 27. Ra5 Bd7 28.
f5 gxf5 29. exf5 Na8 30. Ba7 Rbc8 31. Nd5 Qd8 32. Qg5 b6 33. Rxa6 Bc6 34. Bxh5
Bxd5 35. Rxd5 Rc6 36. Rd3 e5 37. fxe6 fxe6 38. Qb5 Qh4 39. Qxc6 Qe1+ 40. Kh2
Be5+ 41. g3 Rf8 42. Ra2 Qb1 43. Rad2 Qe1 44. Re2 Qf1 45. Qe4 Qf6 46. c5 Qh6 47.
Qg4+ Kh8 48. cxb6 Qh7 49. Rf3 Rg8 50. Rf7 Qd3 51. b7 Qxg3+ 52. Qxg3 Bxg3+ 53.
Kh1 Be5 54. Rg2 Rd8 55. Be2 Bg3 56. Rxg3 Rg8 57. Bd4+ e5 58. bxa8=Q Rxa8 59.
Bd3 Ra1+ 60. Bxa1 d5 61. Bxe5# {Hossa checkmated} 1-0

[Event "ICS rated blitz match"]
[Site "204.178.125.65"]
[Date "2001.01.10"]
[Round "?"]
[White "Hossa"]
[Black "echaniz"]
[Result "1-0"]
[WhiteElo "2567"]
[BlackElo "1934"]
[PlyCount "51"]
[EventDate "2001.??.??"]

1. e4 c6 2. d4 d5 3. Nc3 dxe4 4. Nxe4 Nf6 5. Nxf6+ exf6 6. c3 Bd6 7. Bd3 O-O 8.
Ne2 Re8 9. O-O Bg4 10. Qc2 Bxe2 11. Bxe2 Nd7 12. Re1 Nb6 13. Be3 Nd5 14. Bd3 h6
15. Bd2 Qc7 16. g3 Rad8 17. b3 Qd7 18. Bf5 Qc7 19. Be4 Ne7 20. Bh7+ Kh8 21. Bd3
Kg8 22. a3 Kh8 23. Qd1 Kg8 24. Qh5 f5 25. Bc4 Ng6 26. Qxg6 {echaniz resigns}
1-0

[Event "ICS Rated blitz match"]
[Site "204.178.125.65"]
[Date "2001.01.10"]
[Round "?"]
[White "Hossa"]
[Black "Amateur"]
[Result "1/2-1/2"]
[WhiteElo "2568"]
[BlackElo "2565"]
[PlyCount "207"]
[EventDate "2001.??.??"]

1. e4 e6 2. d3 d5 3. Nd2 g6 4. Ngf3 Bg7 5. Be2 Nc6 6. O-O Nge7 7. Nb3 O-O 8. c3
Qd6 9. Be3 b6 10. Qc2 e5 11. Rad1 a5 12. d4 a4 13. Nbd2 exd4 14. Nxd4 Nxd4 15.
cxd4 dxe4 16. Nxe4 Qc6 17. Rc1 Qxc2 18. Rxc2 Bf5 19. Bf3 Nd5 20. Rc6 Nxe3 21.
fxe3 Rae8 22. Ng3 Bd3 23. Rd1 Rxe3 24. Nf1 Bxf1 25. Kxf1 Rc8 26. Kf2 Re7 27.
Rc4 c5 28. b4 axb3 29. axb3 Rd8 30. dxc5 Rxd1 31. Bxd1 bxc5 32. b4 Bd4+ 33. Kf1
Re5 34. g4 f5 35. bxc5 Bxc5 36. Bc2 fxg4 37. Rxg4 Re8 38. Bb3+ Kg7 39. Rf4 Rb8
40. Rf3 Bd6 41. Kg2 g5 42. Bc2 Re8 43. Rf2 Bf4 44. Bd3 Re3 45. Bc4 Ra3 46. Bd5
h5 47. Bf3 h4 48. Kh3 Kf6 49. Kg4 Ke5 50. Rb2 Kd4 51. h3 Ra1 52. Rc2 Rg1+ 53.
Rg2 Rxg2+ 54. Bxg2 Ke3 55. Bc6 Ke2 56. Bd5 Ke3 57. Bc6 Kd4 58. Bg2 Kc3 59. Bd5
Kd3 60. Bb7 Ke2 61. Bd5 Kd2 62. Kf3 Kd3 63. Bc6 Kd4 64. Be4 Bd6 65. Bf5 Bc7 66.
Kg4 Bf4 67. Kf3 Bd2 68. Kg4 Bc1 69. Kf3 Be3 70. Kg4 Bd2 71. Bh7 Bc1 72. Bf5 Be3
73. Kf3 Bf4 74. Be4 Bg3 75. Bf5 Kd5 76. Bg6 Bf4 77. Be4+ Ke5 78. Bb7 Kd4 79.
Be4 Be5 80. Bf5 Bd6 81. Kg4 Be7 82. Kf3 Ba3 83. Kg4 Bc1 84. Kf3 Ke5 85. Kg4 Bf4
86. Bd7 Kd4 87. Bb5 Kc5 88. Bd7 Kd6 89. Bf5 Kd5 90. Bd3 Kd4 91. Bb5 Kd5 92. Bd3
Ke5 93. Bf5 Bd2 94. Bd3 Be3 95. Bc2 Bf4 96. Bf5 Bc1 97. Bg6 Bf4 98. Bf5 Kd6 99.
Be4 Kc5 100. Bf5 Kd5 101. Bd3 Kd4 102. Bb5 Kc5 103. Bd7 Kd5 104. Be8 {
Game drawn by the 50 move rule} 1/2-1/2

[Event "ICS rated blitz match"]
[Site "204.178.125.65"]
[Date "2001.01.10"]
[Round "?"]
[White "PostModernist"]
[Black "Hossa"]
[Result "1-0"]
[WhiteElo "2646"]
[BlackElo "2568"]
[PlyCount "133"]
[EventDate "2001.??.??"]

1. d4 Nf6 2. c4 e6 3. Nf3 Bb4+ 4. Nbd2 O-O 5. a3 Be7 6. e3 b6 7. Bd3 Bb7 8. O-O
d5 9. b4 dxc4 10. Nxc4 Kh8 11. Bb2 a5 12. bxa5 bxa5 13. Bc3 a4 14. Bc2 Ne4 15.
Qd3 c5 16. Rfb1 Bd5 17. Nb6 c4 18. Nxc4 Nd7 19. Nfd2 f5 20. Bb4 Nxd2 21. Nxd2
Bxb4 22. Rxb4 Bc6 23. Qc4 Bd5 24. Qe2 Bc6 25. Nf3 Qf6 26. Qd1 f4 27. exf4 Nb8
28. Bxa4 Bxa4 29. Rxa4 Rxa4 30. Qxa4 Qxf4 31. Re1 Qd6 32. Qb3 Rf6 33. Ng5 Rf8
34. Nxe6 Re8 35. d5 Nd7 36. Qg3 Qxg3 37. hxg3 h6 38. f4 Ra8 39. Re3 Kg8 40. Nc7
Ra4 41. d6 Rd4 42. Re8+ Kh7 43. Re7 Rd1+ 44. Kf2 Nf6 45. Nb5 Rd3 46. a4 Kg6 47.
Re1 Kf7 48. Kg1 Ng4 49. a5 Nf6 50. a6 Rd2 51. a7 Ra2 52. Re7+ Kf8 53. Rc7 Ra1+
54. Kf2 Ng4+ 55. Kf3 Nh2+ 56. Ke2 Ke8 57. Nd4 Ra2+ 58. Kd3 Nf1 59. Re7+ Kf8 60.
Ne6+ Kg8 61. Rxg7+ Kh8 62. d7 Ra3+ 63. Kd4 Ra4+ 64. Kc5 Ra5+ 65. Kb4 Ra4+ 66.
Kxa4 Nxg3 67. d8=Q# {Hossa checkmated} 1-0

[Event "ICS rated blitz match"]
[Site "204.178.125.65"]
[Date "2001.01.10"]
[Round "?"]
[White "Hossa"]
[Black "Valg"]
[Result "1/2-1/2"]
[WhiteElo "2558"]
[BlackElo "2785"]
[PlyCount "188"]
[EventDate "2001.??.??"]

1. d4 Nf6 2. c4 e6 3. Nf3 b6 4. g3 Ba6 5. b3 Bb4+ 6. Bd2 Be7 7. Bg2 c6 8. Nc3
d5 9. Ne5 Nfd7 10. Nxd7 Nxd7 11. O-O O-O 12. Bf4 Rc8 13. cxd5 cxd5 14. Rc1 Bb4
15. Nb1 Rxc1 16. Bxc1 Qf6 17. Bf4 Rc8 18. a3 Be7 19. b4 Bb5 20. a4 Bc4 21. Qd2
Bb3 22. Qd3 Bc4 23. Qd2 Bb3 24. Qd3 Bc2 25. Qb5 Nf8 26. Qa6 Re8 27. Na3 Bf5 28.
Nb5 Bxb4 29. Qxa7 Ba5 30. Bc7 Bc2 31. Ra1 Nd7 32. Ra2 Bg6 33. Bxb6 Bxb6 34.
Qxd7 Rd8 35. Qb7 Bxd4 36. Nxd4 Qxd4 37. Qc7 Ra8 38. Qb7 Qa7 39. Qxa7 Rxa7 40.
f4 Ra5 41. Bf3 Kf8 42. g4 f5 43. gxf5 Bxf5 44. Kf2 Ke7 45. h4 Bb1 46. Rb2 Bf5
47. Ra2 e5 48. fxe5 Ke6 49. Bh5 d4 50. Be8 Ra8 51. Bc6 Rf8 52. Ke1 Rc8 53. Bb7
Rc1+ 54. Kf2 Rc7 55. Rb2 Kxe5 56. a5 Rc4 57. Rb5+ Kf4 58. a6 Ra4 59. Rd5 Kg4
60. a7 Rxa7 61. Rxd4+ Kh5 62. Bf3+ Kg6 63. Rd6+ Kf7 64. Kg3 Ke7 65. Rb6 Ra4 66.
e3 Rc4 67. Rb2 Kf6 68. Rb8 Rc7 69. Rb6+ Ke5 70. Rb5+ Kf6 71. Kf4 Be6 72. Bd5
Bxd5 73. Rxd5 Rc1 74. Rf5+ Kg6 75. Rg5+ Kf6 76. Rb5 Rf1+ 77. Ke4 Rh1 78. Rf5+
Kg6 79. Rf4 Kh5 80. Kf5 g6+ 81. Kf6 Rxh4 82. Rxh4+ Kxh4 83. e4 g5 84. e5 g4 85.
e6 g3 86. e7 g2 87. e8=Q g1=Q 88. Qe4+ Kg3 89. Qxh7 Kf2 90. Qh6 Ke1 91. Qh5 Kf2
92. Qh4+ Kf1 93. Qh3+ Qg2 94. Qxg2+ Kxg2 {
Game drawn because neither player has mating material} 1/2-1/2

[Event "ICS rated blitz match"]
[Site "204.178.125.65"]
[Date "2001.01.10"]
[Round "?"]
[White "Colorado"]
[Black "Hossa"]
[Result "1-0"]
[WhiteElo "2712"]
[BlackElo "2567"]
[PlyCount "131"]
[EventDate "2001.??.??"]

1. d4 Nf6 2. c4 e6 3. Nc3 Bb4 4. e3 O-O 5. Bd3 c5 6. Nf3 d5 7. O-O cxd4 8. exd4
dxc4 9. Bxc4 Nbd7 10. Bg5 h6 11. Bh4 Nb6 12. Bd3 Kh8 13. h3 Bd7 14. Rc1 Bc6 15.
Be2 Qe7 16. Ne5 Rac8 17. Qd3 Bd6 18. Nxc6 Rxc6 19. Bf3 Rc7 20. Ne4 Rxc1 21.
Rxc1 Bf4 22. Nxf6 gxf6 23. Rc2 Rb8 24. Qa3 Qxa3 25. Bxf6+ Kg8 26. bxa3 Bd6 27.
Kf1 Nd7 28. Bh4 Nb6 29. Ke2 Kg7 30. Kd3 Kg6 31. Rc3 Na4 32. Rb3 b5 33. Be4+ f5
34. Bc6 a6 35. g3 Kf7 36. g4 fxg4 37. hxg4 Rg8 38. Bf3 Bc7 39. Ke3 Nb6 40. Ke2
Bf4 41. Rc3 Rb8 42. Be4 Rf8 43. Rc6 Rb8 44. Kf3 Bh2 45. Bd3 Rb7 46. Bc2 a5 47.
Kg2 Bb8 48. Be4 Bc7 49. f4 Ra7 50. g5 hxg5 51. fxg5 Nc4 52. g6+ Kf8 53. Rxe6
Bb6 54. Bf6 Ne3+ 55. Kf3 Bd8 56. Bxd8 Nc4 57. Bg5 Kg7 58. Bf6+ Kh6 59. Kf4 Ne3
60. g7 Ng2+ 61. Bxg2 Rxg7 62. Bg5+ Kh7 63. Rh6+ Kg8 64. Bd5+ Rf7+ 65. Bf6 b4
66. Rh8# {Hossa checkmated} 1-0

[Event "ICS rated blitz match"]
[Site "204.178.125.65"]
[Date "2001.01.10"]
[Round "?"]
[White "Amateur"]
[Black "Hossa"]
[Result "1-0"]
[WhiteElo "2574"]
[BlackElo "2557"]
[PlyCount "155"]
[EventDate "2001.??.??"]

1. e4 e5 2. Nf3 Nc6 3. Bb5 Nf6 4. O-O Bc5 5. c3 O-O 6. d4 Bb6 7. Qd3 d5 8. Bxc6
bxc6 9. Nxe5 dxe4 10. Qc4 c5 11. dxc5 Qe7 12. cxb6 Qxe5 13. Qxc7 Qxc7 14. bxc7
Nd5 15. Re1 f5 16. Rd1 Nxc7 17. Bf4 Ne6 18. Bd6 Rd8 19. Na3 Ba6 20. c4 Rd7 21.
b4 Rad8 22. c5 Bd3 23. Nb1 Nd4 24. Nc3 Nc2 25. Rab1 g5 26. Be5 Rc8 27. Rb2 Na3
28. Rb3 Nc4 29. Bf6 Rf7 30. Nd5 Kf8 31. Re1 Rd7 32. Ne3 Nxe3 33. fxe3 h6 34.
Kf2 Kf7 35. Bd4 Ke6 36. b5 Bc4 37. Rb2 Rb8 38. b6 axb6 39. cxb6 f4 40. a4 h5
41. Rc2 fxe3+ 42. Kxe3 Bd5 43. a5 Bb7 44. Rf1 Rbd8 45. Rc4 h4 46. Rf6+ Ke7 47.
Rg6 Bd5 48. Rc5 Kf7 49. Rxg5 Ke7 50. Rg4 Ba8 51. Rg7+ Kd6 52. Rg6+ Ke7 53. Bf6+
Kf7 54. Bxd8 Kxg6 55. Bxh4 Rd3+ 56. Ke2 Rd5 57. Rxd5 Bxd5 58. Kf2 Bb7 59. g4
Kf7 60. Bd8 Ke6 61. h4 Kd5 62. h5 Ke6 63. g5 Kf7 64. Bf6 Bc8 65. Bd4 Ke6 66. h6
Kd5 67. h7 Kc6 68. h8=Q Ba6 69. Qa8+ Bb7 70. Qe8+ Kd5 71. Qd7+ Kc4 72. Qxb7
Kxd4 73. Qd7+ Kc3 74. b7 e3+ 75. Kxe3 Kb2 76. b8=Q+ Ka3 77. Qd3+ Ka2 78. Qbb1#
{Hossa checkmated} 1-0

[Event "ICS rated standard match"]
[Site "204.178.125.65"]
[Date "2001.01.10"]
[Round "?"]
[White "Hossa"]
[Black "diep"]
[Result "0-1"]
[WhiteElo "2343"]
[BlackElo "2487"]
[PlyCount "102"]
[EventDate "2001.??.??"]

1. d4 Nf6 2. c4 e6 3. Nf3 b6 4. g3 Ba6 5. b3 Bb4+ 6. Bd2 Be7 7. Nc3 d5 8. cxd5
exd5 9. Bg2 O-O 10. O-O Bb7 11. Qc2 Na6 12. a3 Ne4 13. Be3 c5 14. Ne5 Nxc3 15.
Qxc3 Re8 16. Ra2 Rc8 17. Qd3 Bd6 18. Nxf7 Kxf7 19. Qxh7 Qf6 20. Qh5+ Kg8 21.
Bxd5+ Bxd5 22. Qxd5+ Qe6 23. Qxe6+ Rxe6 24. d5 Re4 25. Rd1 Nc7 26. Rc2 Rce8 27.
a4 Kf7 28. Kf1 Rh8 29. Kg2 Rb4 30. Rd3 Rh5 31. Bd2 Re4 32. Kf3 Re8 33. e4 Rxh2
34. Bf4 Bxf4 35. Kxf4 Na6 36. Re2 Rh1 37. e5 Nb4 38. Rdd2 Ke7 39. Kf5 g6+ 40.
Kg5 Rb1 41. d6+ Ke6 42. Re3 Rh8 43. f4 Nc6 44. Kxg6 Nd4 45. g4 Rg1 46. Kg7 Rh4
47. Kf8 Rhxg4 48. Rg2 R1xg2 49. f5+ Nxf5 50. Rg3 R4xg3 51. d7 Rg8# {
Hossa checkmated} 0-1

[Event "ICS rated blitz match"]
[Site "204.178.125.65"]
[Date "2001.01.10"]
[Round "?"]
[White "Hossa"]
[Black "yakup35"]
[Result "1-0"]
[WhiteElo "2542"]
[BlackElo "2163"]
[PlyCount "71"]
[EventDate "2001.??.??"]

1. e4 e6 2. d3 d6 3. Nf3 Nf6 4. Be2 Be7 5. O-O O-O 6. c3 c6 7. Qc2 e5 8. d4
Nbd7 9. b3 c5 10. dxe5 Nxe5 11. Rd1 Qc7 12. Na3 a6 13. Nc4 b5 14. Ne3 Nxf3+ 15.
Bxf3 Bb7 16. Nf5 Rfe8 17. Bg5 Nxe4 18. Bxe7 Rxe7 19. Nxe7+ Qxe7 20. Qd3 d5 21.
Bxe4 Qxe4 22. Qxe4 dxe4 23. Rd7 Bc6 24. Rc7 Bd5 25. Rxc5 Be6 26. Re5 Rc8 27.
Rc1 g6 28. Rxe4 Kg7 29. h3 a5 30. a4 Bxb3 31. axb5 Bd5 32. Ra4 Ra8 33. c4 Be4
34. c5 Kf6 35. Rxe4 a4 36. b6 {yakup35 resigns} 1-0

[Event "ICS rated blitz match"]
[Site "204.178.125.65"]
[Date "2001.01.10"]
[Round "?"]
[White "yakup35"]
[Black "Hossa"]
[Result "0-1"]
[WhiteElo "2160"]
[BlackElo "2545"]
[PlyCount "56"]
[EventDate "2001.??.??"]

1. e4 e5 2. Nf3 Nc6 3. Bc4 Be7 4. d3 Nf6 5. O-O d6 6. Nc3 Na5 7. Bb3 Nxb3 8.
axb3 O-O 9. h3 a6 10. g4 h5 11. gxh5 Bxh3 12. h6 Qd7 13. Nh2 Bxf1 14. Qxf1 Kh7
15. hxg7 Rg8 16. Kh1 Rxg7 17. Ne2 Rh8 18. Ng3 Kg8 19. Kg1 Rgh7 20. Nf3 Nh5 21.
Qg2 Nxg3 22. fxg3 Qg4 23. Kf2 Rh1 24. b4 Bg5 25. Bxg5 Rxa1 26. d4 Qxe4 27. dxe5
dxe5 28. Bf6 Qxc2+ {yakup35 resigns} 0-1

[Event "ICS rated blitz match"]
[Site "204.178.125.65"]
[Date "2001.01.10"]
[Round "?"]
[White "Hossa"]
[Black "yakup35"]
[Result "1-0"]
[WhiteElo "2548"]
[BlackElo "2157"]
[PlyCount "79"]
[EventDate "2001.??.??"]

1. e4 e6 2. d3 d6 3. Nf3 Nc6 4. d4 Nf6 5. Nc3 Be7 6. d5 Nb8 7. Bc4 e5 8. O-O
O-O 9. h3 h6 10. Be3 Nbd7 11. a4 Nh7 12. a5 Ndf6 13. a6 b6 14. Qe2 Bd7 15. Bb5
Qc8 16. Qc4 Bxh3 17. gxh3 Qxh3 18. Nh2 Ng4 19. Nxg4 Qxg4+ 20. Kh2 Qh4+ 21. Kg2
Ng5 22. Bd7 f5 23. Be6+ Kh8 24. Rh1 Qg4+ 25. Kf1 Nxe6 26. dxe6 f4 27. Bd2 f3
28. Rg1 Qh3+ 29. Ke1 Qh2 30. Qf1 Bh4 31. Nd5 Rac8 32. Be3 Bf6 33. Rh1 Qg2 34.
Qxg2 fxg2 35. Rg1 Rfe8 36. Nxf6 gxf6 37. Rxg2 Rxe6 38. Ke2 Kh7 39. Rag1 Re7 40.
Rg6 {yakup35 resigns} 1-0

[Event "ICS rated blitz match"]
[Site "204.178.125.65"]
[Date "2001.01.10"]
[Round "?"]
[White "Hossa"]
[Black "Colorado"]
[Result "1-0"]
[WhiteElo "2554"]
[BlackElo "2710"]
[PlyCount "91"]
[EventDate "2001.??.??"]

1. e4 e5 2. Nf3 Nc6 3. Bb5 a6 4. Ba4 Nf6 5. O-O Be7 6. Re1 b5 7. Bb3 O-O 8. c3
d5 9. exd5 Nxd5 10. Nxe5 Nxe5 11. Rxe5 c6 12. Bxd5 cxd5 13. d4 Bd6 14. Re3 f5
15. Nd2 f4 16. Re1 Ra7 17. Qb3 Rf5 18. Nf3 Re7 19. Rxe7 Qxe7 20. Bd2 Be6 21.
Re1 Rh5 22. Qd1 Rh6 23. Qc1 Qf6 24. Ne5 Rh4 25. Qd1 Qh6 26. h3 Qf6 27. Qe2 Bxe5
28. Qxe5 Qxe5 29. Rxe5 Kf7 30. f3 Kf6 31. g3 Rxh3 32. Bxf4 Bc8 33. Kg2 h5 34.
Rxd5 Kg6 35. Rd8 Bf5 36. Rd6+ Kf7 37. Rxa6 g6 38. Ra5 Bc8 39. Rxb5 Kg7 40. Rc5
Be6 41. d5 Rxg3+ 42. Bxg3 Bf5 43. c4 Kf6 44. Ra5 g5 45. Ra6+ Kf7 46. c5 {
Colorado resigns} 1-0

[Event "ICS rated blitz match"]
[Site "204.178.125.65"]
[Date "2001.01.10"]
[Round "?"]
[White "Colorado"]
[Black "Hossa"]
[Result "1-0"]
[WhiteElo "2687"]
[BlackElo "2577"]
[PlyCount "139"]
[EventDate "2001.??.??"]

1. d4 Nf6 2. c4 e6 3. Nc3 Bb4 4. e3 O-O 5. Bd3 c5 6. Nf3 d5 7. O-O Nc6 8. a3
Bxc3 9. bxc3 dxc4 10. Bxc4 cxd4 11. cxd4 b6 12. Bb2 Bb7 13. Rc1 Na5 14. Bd3 Qd5
15. Qe2 Rac8 16. Rfe1 Ne4 17. Ne5 Rxc1 18. Rxc1 Nc5 19. f3 Nxd3 20. Nxd3 Qd6
21. Bc3 Nc6 22. Bb2 Rc8 23. Nf4 a6 24. a4 Qd8 25. Rc3 Qg5 26. Qc2 Rc7 27. Rb3
Qa5 28. Qc3 Qxc3 29. Bxc3 Ne7 30. Rxb6 g5 31. Ne2 Nd5 32. Rb3 f5 33. e4 Ne7 34.
Ba5 Rd7 35. Nc3 fxe4 36. fxe4 Nc8 37. Bb6 Bc6 38. Bc5 h5 39. Rb8 Bb7 40. d5 Kf7
41. Kf2 Kf6 42. Ke3 a5 43. d6 g4 44. Nb5 g3 45. hxg3 Rg7 46. g4 hxg4 47. Nc7
Rxc7 48. dxc7 Ba6 49. Rb5 e5 50. Rxa5 Bb7 51. Bb4 Ke6 52. Bc3 Nd6 53. Rc5 Nxe4
54. Rxe5+ Kd7 55. Rxe4 Ba6 56. Be5 Ke6 57. Bg3+ Kf7 58. Rf4+ Kg7 59. Rxg4+ Kf7
60. Rd4 Bb7 61. Rd8 Ke7 62. c8=Q Bxc8 63. Rxc8 Ke6 64. a5 Kd5 65. a6 Ke6 66. a7
Kf5 67. a8=Q Kg5 68. Rg8+ Kf6 69. Qe8 Kf5 70. Qg6# {Hossa checkmated} 1-0

[Event "ICS rated blitz match"]
[Site "204.178.125.65"]
[Date "2001.01.10"]
[Round "?"]
[White "Hossa"]
[Black "Amateur"]
[Result "0-1"]
[WhiteElo "2566"]
[BlackElo "2589"]
[PlyCount "130"]
[EventDate "2001.??.??"]

1. d4 Nf6 2. c4 e6 3. Nc3 Bb4 4. e3 b6 5. Nge2 Ne4 6. Qc2 Bb7 7. a3 Bxc3+ 8.
Nxc3 Nxc3 9. Qxc3 O-O 10. b4 a5 11. b5 Qg5 12. f3 Qh4+ 13. g3 Qh5 14. e4 f5 15.
Bg2 fxe4 16. fxe4 Qg6 17. Qc2 d6 18. Bf4 Nd7 19. Rd1 e5 20. dxe5 Rae8 21. O-O
Nxe5 22. Bxe5 Rxf1+ 23. Rxf1 Rxe5 24. Rf4 Re7 25. Qb3 Rf7 26. Qd3 Qg5 27. Qe3
Qe5 28. Rxf7 Kxf7 29. Qf4+ Ke7 30. Qxe5+ dxe5 31. Kf2 Kd6 32. Ke3 Kc5 33. Bf1
c6 34. Be2 cxb5 35. cxb5 Bc8 36. a4 Kb4 37. Bd1 Be6 38. Bc2 Bb3 39. Bxb3 Kxb3
40. Kd3 h5 41. Kd2 Kxa4 42. Kc2 Kxb5 43. Kb3 Kc5 44. Kc3 b5 45. Kd3 Kb4 46. Kc2
Ka3 47. Kc3 b4+ 48. Kc4 b3 49. g4 b2 50. gxh5 b1=Q 51. Kd5 Qb2 52. Ke6 Qxh2 53.
Kd5 Qb2 54. Ke6 Qd4 55. Kf7 Qxe4 56. Ke7 Qf5 57. Kd6 e4 58. h6 gxh6 59. Kc6 h5
60. Kd6 e3 61. Kc6 e2 62. Kd6 e1=Q 63. Kc7 Qc5+ 64. Kb7 Qee7+ 65. Kb8 Qea7# {
Hossa checkmated} 0-1